[Event "CZE-chT2B 1213"]
[Site "Czech Republic"]
[Date "2013.01.20"]
[Round "7.3"]
[White "Mudra, Pavel"]
[Black "Polak, Benedikt"]
[Result "1/2-1/2"]
[WhiteElo "2222"]
[BlackElo "2177"]
[PlyCount "108"]
[EventDate "2012.10.14"]
[EventType "team-tourn"]
[EventRounds "11"]
[EventCountry "CZE"]
[SourceTitle "EXT 2015"]
[Source "ChessBase"]
[SourceDate "2014.11.20"]
[SourceVersion "1"]
[SourceVersionDate "2014.11.20"]
[SourceQuality "1"]
[WhiteTeam "Neratovice"]
[BlackTeam "Liberec Desko"]
[WhiteTeamCountry "CZE"]
[BlackTeamCountry "CZE"]

1. e4 c5 2. Nc3 a6 3. a4 e6 4. Nge2 Nc6 5. g3 d5 6. exd5 exd5 7. Bg2 Nf6 8. 0-0 d4 9. Ne4 Nxe4 10. Bxe4 Be7 11. Nf4 0-0 12. d3 g6 13. Nd5 Be6 14. Nxe7+ Qxe7 15. Re1 Qd7 16. Bf4 Rfe8 17. Qd2 Bd5 18. b3 f5 19. Bxd5+ Qxd5 20. Re2 g5 21. Bc7 Rxe2 22. Qxe2 Rc8 23. Bb6 Ne5 24. f4 gxf4 25. gxf4 Rc6 26. Bd8 Rg6+ 27. Bg5 Nf3+ 28. Kf2 Nxg5 29. fxg5 Rxg5 30. Qf3 Qxf3+ 31. Kxf3 Kf7 32. Re1 Kf6 33. Re8 Rh5 34. Kg2 Rg5+ 35. Kf2 Rh5 36. Kg2 f4 37. Rb8 Re5 38. Kf3 Rh5 39. Rxb7 Rxh2 40. Kxf4 h5 41. Rb6+ Kg7 42. Rxa6 Rxc2 43. Kg5 Rg2+ 44. Kxh5 Rg3 45. Rb6 Rxd3 46. Kg5 Rg3+ 47. Kf4 Rg1 48. Ke4 Ra1 49. Kd3 Kf7 50. Rb5 Rc1 51. Kd2 Rc3 52. a5 c4 53. b4 Ra3 54. Rd5 Ra4 1/2-1/2

[Event "CZE-chT2B 1213"]
[Site "Czech Republic"]
[Date "2012.11.18"]
[Round "3.2"]
[White "Mudra, Pavel"]
[Black "Jacek, Martin"]
[Result "0-1"]
[WhiteElo "2222"]
[BlackElo "2226"]
[PlyCount "60"]
[EventDate "2012.10.14"]
[EventType "team-tourn"]
[EventRounds "11"]
[EventCountry "CZE"]
[SourceTitle "EXT 2015"]
[Source "ChessBase"]
[SourceDate "2014.11.20"]
[SourceVersion "1"]
[SourceVersionDate "2014.11.20"]
[SourceQuality "1"]
[WhiteTeam "Neratovice"]
[BlackTeam "Mlada Boleslav"]
[WhiteTeamCountry "CZE"]
[BlackTeamCountry "CZE"]

1. Nf3 Nf6 2. c4 g6 3. g3 Bg7 4. Bg2 0-0 5. Nc3 d6 6. d4 Nbd7 7. 0-0 e5 8. Qc2 Re8 9. Rd1 c6 10. e4 exd4 11. Nxd4 a5 12. b3 Nc5 13. Bf4 Nh5 14. Be3 Qe7 15. Re1 Nf6 16. Rad1 Ng4 17. Bc1 Ne6 18. Nxe6 Bxe6 19. h3 Nxf2 20. Qxf2 Bxc3 21. Re3 Be5 22. Qc2 b5 23. Red3 a4 24. cxb5 axb3 25. axb3 cxb5 26. Qc6 Bd7 27. Qd5 Rec8 28. Re3 Ra2 29. Rf3 Rc5 30. Qb7 Rxg2+ 0-1